| 000 | 00403cam a22001337a 4500 | ||
|---|---|---|---|
| 008 | 180718b1897 xxu||||| |||| 00| 0 eng d | ||
| 082 | _aA6x5406 D954e | ||
| 100 | _aDutt, Ramesh C. | ||
| 245 |
_aEngland and India _cby Ramesh C. Dutt |
||
| 260 |
_aLondon _bChatto & Windus _c1897 |
||
| 300 | _a166+p. | ||
| 650 | _aGreat Britain --Relations --India | ||
| 650 | _aIndia --Politics and government --1765-1947 | ||
| 999 |
_c438158 _d438158 |
||